MARC

LEADER 00000nam0a2200000 4500
001 284349
005 20231101235703.0
020 |a RU  |b 85-10842 
035 |a (RuTPU)RU\TPU\book\308504 
090 |a 284349 
100 |a 20150213d1984 k y0rusy5003 ca 
101 0 |a rus 
102 |a UA 
105 |a a z 001zy 
200 1 |a Палеонтология и стратиграфия фанерозоя Украины  |e сборник научных трудов  |f Академия наук Украинской ССР (АН УССР), Институт геологических наук (ИГН) ; под ред. О. С. Вялова 
210 |a Киев  |c Наукова думка  |d 1984 
215 |a 179 с.  |c ил. 
320 |a Библиография в конце статей 
606 |a Палеонтология  |2 stltpush  |3 (RuTPU)RU\TPU\subj\47998  |9 66880 
606 |a Стратиграфия  |2 stltpush  |3 (RuTPU)RU\TPU\subj\57192  |9 75055 
610 1 |a проблемы 
610 1 |a зональные шкалы 
610 1 |a построение 
610 1 |a грибы 
610 1 |a водоросли 
610 1 |a моллюски 
610 1 |a развитие 
610 1 |a нижний карбон 
610 1 |a кораллы 
610 1 |a нижнемеловые отложения 
610 1 |a триасовые отложения 
610 1 |a миоспоры 
610 1 |a марссонеллы 
610 1 |a кокколиты 
610 1 |a характеристики 
675 |a 56  |v 3 
675 |a 551.7  |v 3 
702 1 |a Вялов  |b О. С.  |g Олег Степанович  |4 340 
712 0 2 |a Академия наук Украинской ССР (АН УССР)  |b Институт геологических наук (ИГН)  |c (Киев)  |2 stltpush  |3 (RuTPU)RU\TPU\col\12890 
801 0 |a RU  |b RuMRKP  |c 19950704  |g psbo 
801 1 |a RU  |b 63413507  |c 20150213 
801 2 |a RU  |b 63413507  |c 20170928  |g RCR 
942 |c BK